000 00953nas a2200289 4500
001 BR8300762
003 BR-BrBNA
005 20231205085435.0
007 ta
008 230509b bl.|||p| |||| 00| 00por d
040 _aBR-BrBNA
_bpor
_cBiblioteca Nacional de Agricultura
041 _a(Pt)
072 _aF22; F60
100 1 _aHelene, C.G.
100 1 _aRuegg, E.F.
245 1 _aSorcao de 2,4-D em solos relacionada a inibicao do crescimento de agriao [Nasturtium officinale, herbicida]
246 1 _aSorption of 2,4-D on soils in relation to inhibition of cress growth [Nasturtium officinale, herbicide]
650 _aAGRIAO
650 _aHERBICIDA
650 _aABSORCAO
650 _aADSORCAO
650 _aSOLO
650 _aCRESCIMENTO
773 0 _tRevista Brasileira de Ciencia do Solo (Brazil)
_xISSN 0100-0683
_g(Sep 1982), v. 6(3) p. 171-176
_wBR8300762
909 _a202311
_bLúcia
_c55
_dLúcia Elande
942 _2AGRIS
_n0
_cANA
999 _c111457
_d111457